| 000 | 03153cam a22003977i 4500 | ||
|---|---|---|---|
| 001 | 19381600 | ||
| 005 | 20230320150928.0 | ||
| 008 | 161121t20162016si a b 001 0 eng d | ||
| 010 | _a 2016286145 | ||
| 020 |
_a9789813108394 _q(hardcover) |
||
| 020 |
_a9813108398 _q(hardcover) |
||
| 020 |
_a9789813108400 _q(paperback) |
||
| 020 |
_a9813108401 _q(paperback) |
||
| 035 | _a(OCoLC)ocn956623741 | ||
| 040 |
_aYDX _beng _cYDX _erda _dOCLCO _dOCLCF _dVKC _dSINLB _dYDX _dMNG _dNRC _dMOU _dDLC |
||
| 042 | _alccopycat | ||
| 050 | 0 | 0 |
_aQB981 _b.G74 2016 |
| 082 | 0 | 4 |
_a523.1 _223 _bGRE |
| 100 | 1 |
_aGreen, Dan, _d1943- _eauthor. _9110677 |
|
| 245 | 1 | 0 |
_aCosmology with Matlab : _bwith companion media pack / _cDan Green, Fermi National Accelerator Laboratory, USA. |
| 264 | 1 |
_aSingapore ; _aHackensack, NJ : _bWorld Scientific Publishing Co. Pte. Ltd., _c[2016] |
|
| 264 | 4 | _c©2016 | |
| 300 |
_axi, 250 pages : _billustrations (some color) ; _c24 cm |
||
| 336 |
_atext _btxt _2rdacontent |
||
| 337 |
_aunmediated _bn _2rdamedia |
||
| 338 |
_avolume _bnc _2rdacarrier |
||
| 504 | _aIncludes bibliographical references (pages 243-246) and index. | ||
| 505 | 0 | _a1. Introduction -- 2. From the Big Bang -- 3. Inflation and Big Bang issues -- 4. Fluctuations to Perturbations -- 5. The Cosmic Microwave background -- 6. Large Scale Structure -- 7. The Higgs Boson and Inflation -- Appendix A: Matlab tools -- Appendix B: Power law, RD or MD Formulae -- Appendix C: Symbol and Acronym Tables -- Appendix D: MATLAB Script (with Companion Media Pack). | |
| 520 |
_aThis volume makes explicit use of the synergy between cosmology and high energy physics, for example, supersymmetry and dark matter, or nucleosynthesis and the baryon-to-photon ratio. In particular the exciting possible connection between the recently discovered Higgs scalar and the scalar field responsible for inflation is explored. The recent great advances in the accuracy of the basic cosmological parameters is exploited in that no free scale parameters such as h appear, rather the basic calculations are done numerically using all sources of energy density simultaneously. Scripts are provided that allow the reader to calculate exact results for the basic parameters. Throughout MATLAB tools such as symbolic math, numerical solutions, plots and "movies" of the dynamical evolution of systems are used. The GUI package is also shown as an example of the real time manipulation of parameters which is available to the reader. All the MATLAB scripts are made available to the reader to explore examples of the uses of the suite of tools which are available. Indeed, readers should be able to engage in a command line "dialogue" or go on to edit the scripts and write their own versions. -- _cBack cover. |
||
| 650 | 0 |
_aCosmology _xData processing. _939543 |
|
| 650 | 4 |
_aCosmology _xData processing. _939543 |
|
| 650 | 7 |
_aCosmology _xData processing. _2fast _0(OCoLC)fst00880602 _939543 |
|
| 906 |
_a7 _bcbc _ccopycat _d2 _encip _f20 _gy-gencatlg |
||
| 942 |
_2ddc _cBK |
||
| 999 |
_c593871 _d593871 |
||